banner-ar

LIGHTING BY DESIGN: A TECHNICAL GUIDE / (Record no. 10570)

MARC details
000 -الفاتح
حقل البيانات ثابتة الطول 00499nam a2200193Ia 4500
008 - عناصر البيانات ثابتة الطول - معلومات عامة
حقل البيانات ثابتة الطول 140319s9999 xx 000 0 eng d
040 ## - مصدر الفهرسة
وكالة الفهرسة الأصلية GCL /
وكالة النسخ GCL
082 04 - رقم تصنيف ديوى العشرى
رقم التصنيف 778.52343
رقم المادة F L
100 1# - المدخل الرئيسى - إسم شخصى
الإسم الشخصى FITT, BRIAN
245 10 - بيان العنوان
العنوان LIGHTING BY DESIGN: A TECHNICAL GUIDE /
بيان المسئوليه,etc FITT, BRIAN
700 1# - المدخل الاضافى - اسم شخصى
الإسم الشخصى THORNLEY, JOE
260 ## - PUBLICATION, DISTRIBUTION, ETC. (IMPRINT)
تاريخ النشر أو التوزيع 1995
300 ## - الوصف المادى
التعداد 321 P
650 04 - المدخل الاضافى بالموضوع-مصطلح موضوعى
مصطلح موضوعي CINEMATOGRAPHY
650 04 - المدخل الاضافى بالموضوع-مصطلح موضوعى
مصطلح موضوعي TELEVISION - LIGHTING
650 04 - المدخل الاضافى بالموضوع-مصطلح موضوعى
مصطلح موضوعي LIGHTING
942 ## - عناصر المدخل الإضافي( كوها)
مصدر التصنيف او مخطط الترفيف Dewey Decimal Classification
Koha [default] item type كتاب
260 ## - PUBLICATION, DISTRIBUTION, ETC. (IMPRINT)
-- [S.N] :
-- FOCAL PRESS ،
Holdings
حالة التراجع حالة الفقد حالة تلف ليس للاعارة المكان المؤقت الموقع الحالى تاريخ الاكتساب اجمالي اﻻعارات رقم الطلب الباركود تاريخ اخر مشاهدة تاريخ تفعيل السعر نوع وعاء كوها
        مكتبة القاهرة الكبرى مكتبة القاهرة الكبرى 03/26/2014   778.52343\F L 21354 03/26/2014 03/26/2014 كتاب
        مكتبة القاهرة الكبرى مكتبة القاهرة الكبرى 03/26/2014   778.52343\F L 21355 03/26/2014 03/26/2014 كتاب

Powered By

EGPV